000 00979nam a2200217 u 4500
001 000362806
003 AM-YeHGA
005 20250618072241.0
008 040922s1980 ai r 000 0 arm d
040 _aAM-YeHGA
041 0 _aarm
100 1 _aԽաչատրյան, Պատվական Գորգիի,
_d1924-2012
_91467
245 1 0 _aԳլուխ է կորել :
_b[Բանաստեղծություններ] : Կրտսեր տարիքի դպր. համար /
_cՊ. Խաչատրյան ; Խմբ.՝ Լ. Սարգսյան ; Նկ.՝ Գ. Յարալյան.
260 _aԵրևան :
_bՍովետական գրող,
_c1980.
300 _a84 էջ :
_bնկ. ;
_c17 սմ.
650 1 4 _aՀայ մանկական գրականություն
_xԲանաստեղծություն
700 1 _aՍարգսյան, Լիպարիտ Տիգրանի,
_d1938-2023
_eխմբ.
_4edt
_91060
700 1 _aՅարալյան, Գեորգի Յակովի,
_d1927-2011
_eնկ.
_4art
_91388
942 _2udc
_cBK
090 _c140194
999 _c138817
_d138817